| 000 | 00459pab a2200181 454500 | ||
|---|---|---|---|
| 008 | 180718b2002 xxu||||| |||| 00| 0 eng d | ||
| 100 | _aAcharya, Sarthi | ||
| 245 | _aMeasurement of socio-economic status in social sciences - a note | ||
| 260 | _c2002 | ||
| 300 | _ap.39-52. | ||
| 362 | _aOct-Dec | ||
| 650 | _aSocial Sciences | ||
| 650 | _aStandards | ||
| 650 | _aResearch | ||
| 650 | _aSocial research | ||
| 773 | _aIASSI Quarterly | ||
| 909 | _a58913 | ||
| 999 |
_c58913 _d58913 |
||